La Defensa de Madrid (Record no. 175624)
[ view plain ]
| 000 -LEADER | |
|---|---|
| campo de control de longitud fija | 01311nam a2200253 4500 |
| 001 - NÚMERO DE CONTROL | |
| campo de control | 175624 |
| 003 - IDENTIFICADOR DE NÚMERO DE CONTROL | |
| campo de control | ES-MaACL |
| 005 - FECHA Y HORA DE LA ÚLTIMA TRANSACCIÓN | |
| campo de control | 20230906215856.0 |
| 008 - DATOS DE LONGITUD FIJA--INFORMACIÓN GENERAL | |
| campo de control de longitud fija | 101111s2009 sp ac |||| |dspa d |
| 020 ## - NÚMERO INTERNACIONAL ESTÁNDAR DEL LIBRO | |
| Número Internacional Estándar del Libro | 978-84-8181-437-8 |
| 080 ## - NÚMERO DE LA CLASIFICACIÓN DECIMAL UNIVERSAL | |
| Número de la Clasificación Decimal Universal | 73 Palacios Tárdez, Pascual (083.824) |
| 100 1# - ENTRADA PRINCIPAL--NOMBRE DE PERSONA | |
| Nombre de persona | Palacios Tárdez, Pascual. |
| 9 (RLIN) | 143904 |
| 245 13 - MENCIÓN DEL TÍTULO | |
| Título | La Defensa de Madrid |
| Resto del título | : conjunto escultórico de Pascual Palacios Tárdez. |
| 260 ## - PUBLICACIÓN, DISTRIBUCIÓN, ETC. | |
| Lugar de publicación, distribución, etc. | [Madrid] : |
| Nombre del editor, distribuidor, etc. | Ministerio de Cultura, Subdirección General de Publicaciones, Información y Documentación, |
| Fecha de publicación, distribución, etc. | [2009] |
| 300 ## - DESCRIPCIÓN FÍSICA | |
| Extensión | 54 p. : |
| Otras características físicas | il. col. y n., fot. ; |
| Dimensiones | 28 cm. |
| 504 ## - NOTA DE BIBLIOGRAFÍA, ETC. | |
| Nota de bibliografía, etc. | Bibliografía: p. 54. |
| 505 8# - NOTA DE CONTENIDO CON FORMATO | |
| Nota de contenido con formato | Contiene: ; |
| Título | ¿Puede el Arte hasta con la guerra...? / |
| Mención de responsabilidad | M.ª Ángeles Valle de Juan. -- |
| Título | El pequeño gran ejército de Palacios : un ejército artístico / |
| Mención de responsabilidad | Matías Díaz Padrón. -- |
| Título | Recuerdo de la creación de las esculturas de la "Defensa de Madrid" / |
| Mención de responsabilidad | Pablo Palacios Campos. -- |
| Título | La mirada de Palacios : con comentarios originales y literales del artista. |
| 600 17 - PUNTO DE ACCESO ADICIONAL DE MATERIA--NOMBRE DE PERSONA | |
| Nombre de persona | Palacios Tárdez, Pascual- |
| Subdivisión de forma | Exposiciones. |
| 9 (RLIN) | 143905 |
| 655 #7 - TERMINO DE INDIZACIÓN--GENERO/FORMA | |
| Fuente del término | tgfbne |
| 9 (RLIN) | 193628 |
| Datos o término principal de género/forma | Catálogos de exposiciones |
| 710 2# - ENTRADA AGREGADA--NOMBRE DE ENTIDAD CORPORATIVA | |
| Nombre de entidad corporativa o nombre de jurisdicción como elemento de entrada | Centro Documental de la Memoria Histórica. |
| 9 (RLIN) | 143899 |
| 852 ## - LOCALIZACIÓN | |
| Ubicación | ES-MaACL |
| Número de control de estantería | 2285-F-11 |
| 942 ## - ELEMENTOS DE ENTRADA SECUNDARIOS (KOHA) | |
| Fuente del sistema de clasificación o colocación | Clasificación decimal universal |
| Estatus retirado | Estado de pérdida | Estado de daño | No para préstamo | Colección | Biblioteca de origen | Biblioteca actual | Ubicación en estantería | Fecha de adquisición | Fuente de adquisición | Total de préstamos | Signatura topográfica completa | Código de barras | Visto por última vez | Precio de reemplazo | Tipo de ítem Koha |
|---|---|---|---|---|---|---|---|---|---|---|---|---|---|---|---|
| Colección de folletos | Biblioteca del Ateneo de Madrid | Biblioteca del Ateneo de Madrid | Depósito folletos | 11/11/2010 | 2285-F-11 | 1184419 | 23/02/2023 | 23/02/2023 | Folleto |
